LEADER 01202nam 2200337 450 001 996577964003316 005 20231214154137.0 010 $a1-5044-5967-9 035 $a(CKB)4100000008735943 035 $a(NjHacI)994100000008735943 035 $a(EXLCZ)994100000008735943 100 $a20231214d2019 uy 0 101 0 $aeng 135 $aur||||||||||| 181 $ctxt$2rdacontent 182 $cc$2rdamedia 183 $acr$2rdacarrier 200 10$aISO/IEC/IEEE 15289:2019(E) $eISO/IEC/IEEE International Standard - Systems and software engineering - Content of life-cycle information items (documentation) /$fInstitute of Electrical and Electronics Engineers 210 1$a[Place of publication not identified] :$cIEEE,$d2019. 215 $a1 online resource (113 pages) 517 $a15289-2019 - ISO/IEC/IEEE International Standard -- Systems and software engineering - Content of life-cycle information items 517 $aISO/IEC/IEEE 15289 606 $aSoftware engineering 615 0$aSoftware engineering. 676 $a005.1 801 0$bNjHacI 801 1$bNjHacl 906 $aDOCUMENT 912 $a996577964003316 996 $aISO$91086301 997 $aUNISA LEADER 00863nam0-2200241 --450 001 9910837493703321 005 20240312110800.0 100 $a20240312d kmuy0itay5050 ba 101 0 $aita 102 $aIT 105 $a 001yy 200 1 $a<>sponda umanistica nel viaggio demartiniano fra due confini apocalittici$edalla fine del mondo alla non presenza storica$fGiovanni Battista Bronzini 210 $a[S l.]$cLiguori Editore 215 $aP. 343-353$d22 cm 300 $aEstratto da : Ernsto De Martino nella cultura Europea 700 1$aBronzini,$bGiovanni Battista$0120671 801 0$aIT$bUNINA$gREICAT$2UNIMARC 901 $aLG 912 $a9910837493703321 952 $aDAM OPUSC. 15 (05)$b2024/1746$fFLFBC 959 $aFLFBC 996 $aSponda umanistica nel viaggio demartiniano fra due confini apocalittici$94131389 997 $aUNINA